Statistics for NHL Arenas by Capacity

Click here to take the quiz!

General Stats

  • This quiz has been taken 134 times
  • The average score is 21 of 30

Answer Stats

ArenaTeam% Correct
Bell Centre 21,273Montreal Canadiens
93%
Tampa Bay Times Forum 19,250Tampa Bay Lightning
90%
Madison Square Garden 18,200New York Rangers
89%
Scotiabank Saddledome 19,289Calgary Flames
87%
Canadian Tire Centre 19,153Ottawa Senators
86%
Air Canada Centre 18,800Toronto Maple Leafs
85%
TD Garden 17,565Boston Bruins
83%
United Center 19,717Chicago Blackhawks
81%
Joe Louis Arena 20,066Detroit Red Wings
81%
Staples Center 18,118Los Angeles Kings
79%
Wells Fargo Center 19,537Philadelphia Flyers
79%
Rogers Arena 18,910Vancouver Canucks
76%
First Niagara Center 19,070Buffalo Sabres
74%
Nassau Veterans Memorial Coliseum 16,234New York Islanders
72%
Honda Center 17,174Anaheim Ducks
69%
Pepsi Center 18,007Colorado Avalanche
69%
Xcel Energy Center 18,064Minnesota Wild
69%
American Airlines Center 18,532Dallas Stars
68%
SAP Center 17,562San Jose Sharks
68%
Prudential Center 17,625New Jersey Devils
64%
Bridgestone Arena 17,113Nashville Predators
63%
BB&T Center 19,250Florida Panthers
62%
Rexall Place 16,839Edmonton Oilers
61%
MTS Centre 15,004Winnipeg Jets
61%
Nationwide Arena 18,144Columbus Blue Jackets
60%
Verizon Center 18,506Washington Capitals
58%
Consol Energy Center 18,387Pittsburgh Penguins
55%
Jobing.com Arena 17,125Arizona Coyotes
54%
Scottrade Center 19,150St. Louis Blues
54%
PNC Arena 18,680Carolina Hurricanes
50%

Score Distribution

Percentile by Number Answered

Percent of People with Each Score

Your Score History

You have not taken this quiz